000 00752nam a2200181Ia 4500
008 100920s9999 xx 000 0 und d
082 _b103142
_a520 न 07
100 _aगोडबोले रमेश/पटवर्धन मेधा.
245 _aडायबेटिक पेशंटची वर्षभर दिवाळी.
260 _bइंद्रायणी साहित्य पुणे.
_c2007
300 _a111
_bसाधी
365 _b80
520 _aशाअ.
630 _aडायबेटिक पेशंटची वर्षभर दिवाळी.
650 _aशाअ.
730 _aडायबेटिक पेशंटची वर्षभर दिवाळी.
942 _cBOOK
999 _c743574
_d743571